University Home | Library Home | Institutional Repository

The human larynx / (Record no. 56088)

MARC details
000 -LEADER
fixed length control field 00742cam5a220024100 4500
001 - CONTROL NUMBER
control field qce00432902
005 - DATE AND TIME OF LATEST TRANSACTION
control field 20190814132858.0
008 - FIXED-LENGTH DATA ELEMENTS--GENERAL INFORMATION
fixed length control field 720607s1964 ilua b 000 0 eng
010 ## - LIBRARY OF CONGRESS CONTROL NUMBER
LC control number 64024053
035 ## - SYSTEM CONTROL NUMBER
System control number (Sirsi) r25073
035 ## - SYSTEM CONTROL NUMBER
System control number (QCAT)lss00229000
035 ## - SYSTEM CONTROL NUMBER
System control number (UPRA)qce00432902
040 ## - CATALOGING SOURCE
Modifying agency UPRA
050 0# - LIBRARY OF CONGRESS CALL NUMBER
Classification number RF510
Item number .M9
082 ## - DEWEY DECIMAL CLASSIFICATION NUMBER
Classification number 616.22
100 1# - MAIN ENTRY--PERSONAL NAME
Personal name Myerson, Mervin Carueth, 1891-
Dates associated with a name Myerson, Mervin Carueth, 1891-
Linkage A88245.1
245 14 - TITLE STATEMENT
Title The human larynx /
Statement of responsibility, etc. by Mervin C. Myerson.
260 ## - PUBLICATION, DISTRIBUTION, ETC.
Place of publication, distribution, etc. Springfield, IL :
Name of publisher, distributor, etc. Thomas,
Date of publication, distribution, etc. [1964]
504 ## - BIBLIOGRAPHY, ETC. NOTE
Bibliography, etc. note Includes bibliographies.
650 #0 - SUBJECT ADDED ENTRY--TOPICAL TERM
Topical term or geographic name entry element Larynx -- Diseases.
General subdivision Larynx -- Diseases.
Linkage S63421.1
949 ## - LOCAL PROCESSING INFORMATION (OCLC)
a RF510
w LC
i -25010
m MEDICAL
t BOOK
l ON-SHELF

No items available.

© 2026 - The University of Zambia Library - Koha v25.11